000 00547nam a2200217Ia 4500
003 GCL
008 140319s9999 xx 000 0 eng d
040 _aGCL /
_cGCL
082 0 4 _aCC
_b962
_bH N
100 1 _aALLAN, JAMES
245 1 0 _aTHE NILE: SHARING A SCARCE RESOURCE /
_cALLAN, JAMES
700 1 _aHOWELL, P.P.
260 _a[S.N] :
_bCAMBRIBGE UNIVERSITY PRESS ،
_c1994
300 _a408 P
650 0 4 _aEGYPT
650 0 4 _aGEOGRAPHY
650 0 4 _aNILE VALLEY
650 0 4 _aRIVER NILE
650 0 4 _aNILE RIVER
942 _2ddc
_cBK
999 _c25080
_d25080